01291nam a2200157 a 4500008004100000020001500041041000800056100002500064245004400089250003800133260003800171300001100209500008600220505081600306655001101122161215t1999 sp |||g |||| 001 f spa d a840101218X aspa1 aHiggins Clark, Mary. aPor siempre mía /cMary Higgins Clark a1a ed.bTraducción Silvia Komet aBarcelona:bPlaza & Janes;c1999. a258 p. aHiggins Clark, M. (1999). Por siempre mía. (1a ed.). Barcelona : Plaza & Janes. aUna serie de mujeres desaparecidas en extrañas circunstancias tienen un elemento en común: todas han recibido, de un admirador misterioso, un anillo con las palabras por siempre mía grabadas en su interior. La psicóloga Susan Chandler entrevista en su programa de televisión al autor del libro sobre mujeres desaparecidas y a partir de entonces una serie de cabos sueltos van perfilando una terrible sospecha: ¿acaso se trata de un asesino en serie? Sin embargo, lo que la doctora Susan ignora es que el psicópata se encuentra mucho más cerca de lo que cree, precisamente entre sus numerosos admiradores, y que no está dispuesta a permitir que nadie estropee sus macabros designios... Una nueva y sobrecogedora novela de la reina de la intriga, que atrapa al lector desde la primera página.  aNovela